Získavanie zlata z elektronického šrotu

Podrobná bibliografia
Hlavní autori: Krupkowa, D. (Autor), Imriš, Ivan, 1943- (Autor)
Médium: Článok
Jazyk:slovenčina
Fyzický popis:Obr. 9, tab. 1, res. angl., lit. 22 zázn. v angl., nem., poľ., ruš., slov.
ISSN:1335-1532
Predmet:

MARC

LEADER 00000nab a2200000 a 4500
001 vtls000620872
003 SK-MaSNL
005 20260304090944.0
008 250425c1996 xo 0 slo
015 |a SNBRB19rr/mm-uuuuu 
035 |a CL0621011 
035 |a urn:nbn:sk:snk-abd2zv 
035 |a (urnnbn)urn:nbn:sk:snk:ar-004q5m 
035 |a (uuid)b99fde52-b394-4e93-a921-45ea9c37c7f5 
040 |a SNKBUCL  |b slo  |c SNKBUCL  |e AACR2 
041 0 |a slo 
044 |a xo  |c SK 
080 |a 669.213  |2 1981 
080 |a 669.054.8  |2 1981 
080 |a 628.477.6.043  |2 1981 
100 1 |a Krupkowa, D.  |4 aut  |9 1382684 
245 1 0 |a Získavanie zlata z elektronického šrotu  |c D. Krupkowa, I. Imriš 
300 |b Obr. 9, tab. 1, res. angl., lit. 22 zázn. v angl., nem., poľ., ruš., slov. 
650 0 7 |a odpad kovový elektronický  |2 snkbucl  |9 1382685 
650 0 7 |a zlato  |2 snkbucl  |9 17575 
655 7 |a články z novín a časopisov  |2 snkbucl  |9 267496 
700 1 |a Imriš, Ivan,  |d 1943-  |4 aut  |9 223379 
773 0 |t Acta metallurgica slovaca  |g Roč. 2, č. 4 (1996), s. 347-360  |x 1335-1532 
850 |a Slovenská národná knižnica 
852 |a Slovenská národná knižnica 
954 |a odborná, vedecká literatúra pôvodná (slovenská)  |2 lita 
958 |a article17 
958 |a OND 
958 |a PL 
958 |a NB 
958 |a RK 
958 |a EUIPO 
992 |a RBX 
999 |c 2813465  |d 2815395